[Event "Capablanca Memorial Elite 35th"]
[Site "Varadero"]
[Date "2000.05.20"]
[Round "11"]
[White "Acs, Peter"]
[Black "Lesiege, Alexandre"]
[Result "1-0"]
[WhiteElo "2542"]
[BlackElo "2582"]
[Annotator "Ftacnik,L"]
[PlyCount "71"]
[EventDate "2000.05.07"]
[EventType "tourn"]
[EventRounds "13"]
[EventCountry "CUB"]
[EventCategory "13"]
[SourceTitle "CBM 077"]
[Source "ChessBase"]
[SourceDate "2000.07.27"]
[SourceVersion "1"]
[SourceVersionDate "2000.07.27"]
[SourceQuality "1"]

1. e4 c5 2. Nf3 d6 3. d4 cxd4 4. Nxd4 Nf6 5. Nc3 a6 6. Be3 e6 7. f3 b5 8. Qd2
Nbd7 9. g4 h6 10. O-O-O Bb7 11. h4 b4 12. Na4 Qa5 13. b3 Nc5 14. a3 Nxa4 15.
axb4 Qc7 16. bxa4 d5 17. e5 Nd7 18. f4 Nb6 19. f5 Nc4 20. Qe1 $5 {[%mdl 8] An
important novelty in a heavily disputed line. Black has hard time proving,
that he can get enough for the sacrificed pawn as he is also well under attack.
} Qxe5 (20... Bxb4 21. Qxb4 Nxe3 22. Re1 Nxf1 (22... Nxg4 23. fxe6 Rc8 24.
exf7+ Kxf7 25. Bh3 $16) 23. Rhxf1 Bc8 24. Qd6 Qd7 25. a5 Ra7 26. fxe6 fxe6 27.
Rf3 Rb7 28. Rc3 $16) (20... exf5 21. gxf5 $1 (21. e6 Bxb4 22. Qxb4 Nxe3 23. Rd3
Nc4 24. exf7+ Kxf7 25. Nxf5 $13) (21. Bxc4 Qxc4 22. Nxf5 Bxb4 23. Nd6+ Bxd6 24.
exd6 O-O) 21... Qxe5 (21... Bxb4 22. Qxb4 Nxe3 23. Re1 $16) 22. Bxc4 dxc4 23.
Bf4 Qe7 24. Bd6 $18) 21. Bxc4 dxc4 22. Rf1 Bg2 (22... exf5 23. Bf4 Qe4 24. Qc3
$18) (22... Bxb4 23. Qxb4 Qxe3+ 24. Kb1 Be4 (24... Bd5 25. fxe6 fxe6 26. Nf5
exf5 27. Rxd5 $18 (27. Rfe1 Kf7 28. Rxe3 Rab8 29. Qxb8 Rxb8+ 30. Kc1 $16)) 25.
fxe6 f6 26. Qd6 $18) 23. fxe6 $1 (23. Rf2 $2 Bxb4 $1) 23... Bxf1 (23... fxe6
24. Bf4 Qxe1 25. Rfxe1 Bxb4 26. Rxe6+ Kf7 27. Bd6 Bxd6 28. Rxd6 Rhd8 29. Nf5
$16) 24. exf7+ Kxf7 25. Qxf1+ Kg6 (25... Qf6 $2 26. Qxc4+ Kg6 27. Rf1 $18) 26.
Bd2 {The king on g6 is such a bad piece, that white has more than enough for
the sacrificed exchange.} Qd5 (26... Rc8 27. Re1 Qd5 28. Re6+ Kh7 29. Qf7 $18)
27. Bc3 Kh7 (27... Rd8 28. Rd2 $1 $16) 28. Nf5 Qf7 (28... Qc6 29. g5 Rb8 30.
Nd6 $1 hxg5 31. Qf5+ $18) 29. Qg2 Re8 (29... Rb8 30. Qe4 Bxb4 31. Bxb4 Rxb4 32.
Ne7+ g6 33. h5 $18) 30. Qc6 Rg8 $6 (30... Qe6 31. Qc7 Rc8 32. Qb7 Qc6 33. Rd7
Qxb7 34. Rxb7 Rg8 35. Rb6 Ra8 36. h5 $16) 31. Rd7 Qg6 32. Qxc4 {The second
pawn is gone, but the positional misery for black continues.} h5 (32... Rb8 33.
a5 Rb5 34. Rc7 $16) 33. Qd3 Kh8 (33... hxg4 34. h5 Qg5+ 35. Bd2 Re1+ 36. Kb2
Qf6+ 37. Nd4+ Kh8 38. Bxe1 $18) 34. g5 (34. gxh5 Qxh5 35. Rd5 Qh7 36. Qxa6 $18)
34... Rc8 (34... Rb8 35. Qd5 Bxb4 36. Bxb4 Rxb4 37. Rd8 Rxd8 (37... Re8 38. Ne7
$18) 38. Qxd8+ Kh7 39. Ne7 Qe6 40. g6+ $18) 35. Bd2 a5 (35... Rc6 36. Qd5 $16)
36. b5 (36. b5 Qe6 37. Kb1 $1 (37. Nh6 Ba3+ 38. Kb1 Rge8 39. Bxa5 Rxc2) 37...
Bb4 38. Bxb4 axb4 39. Re7 Qg6 40. Rd7 b3 41. cxb3 $18) 1-0

[Event "FIDE-Wch k.o."]
[Site "Moscow"]
[Date "2001.11.27"]
[Round "1.4"]
[White "Dominguez Perez, Leinier"]
[Black "Kotsur, Pavel"]
[Result "1/2-1/2"]
[WhiteElo "2596"]
[BlackElo "2572"]
[Annotator "Ftacnik,L"]
[PlyCount "69"]
[EventDate "2001.11.27"]
[EventType "k.o."]
[EventRounds "7"]
[EventCountry "RUS"]
[SourceTitle "CBM 086"]
[Source "ChessBase"]
[SourceDate "2002.02.05"]
[SourceVersion "1"]
[SourceVersionDate "2002.02.05"]
[SourceQuality "1"]

1. e4 c5 2. Nf3 d6 3. d4 cxd4 4. Nxd4 Nf6 5. Nc3 e6 6. Be3 Nc6 7. f3 a6 8. Qd2
Qc7 9. O-O-O Ne5 10. Kb1 b5 11. Bd3 Bb7 12. g4 b4 13. Nce2 d5 14. exd5 (14. g5
dxe4 15. gxf6 exd3 16. cxd3 gxf6 17. Rc1 Qd7 18. Rhf1 Bd6 19. Ng3 Be7 20. Ne4
Bd5 21. Nc5 {1-0 Aleinikov,P-Shipilov,A/Nizhnij Novgorod/ 1999/ (27)}) 14...
Nxd5 15. Nf4 Nxe3 (15... Nxf4 16. Bxf4 Bc5 17. Qe3 Bd6 18. Bb5+ $14) 16. Qxe3
Bd6 (16... Rc8 17. Nfxe6 (17. Nh5 $6 Nc4 18. Qe2 Bd5 $11) 17... fxe6 18. Nxe6
Qa5 19. Rde1 $14) 17. Nfxe6 $3 {[%mdl 512] Very sicilian sacrifice on the
critical square e6, black king will suffer in the center.} (17. Bb5+ Ke7 $1 $15
) 17... fxe6 18. Nxe6 Qe7 (18... Qf7 19. Bf5 Qe7 20. Rhe1 Bxf3 21. Rxd6 Qxd6
22. Qxe5 Qxe5 23. Rxe5 $14) 19. Be4 $1 Nc4 (19... Qxe6 20. Bxb7 Rb8 21. Bc6+
Ke7 22. Bd5 $18) (19... Bxe4 20. Qxe4 Rb8 21. Qd5 Rb6 22. f4 $18) 20. Qd4 Bxe4
(20... Qxe6 21. Bxb7 Be5 22. Rhe1 Bxd4 23. Rxe6+ Kf7 24. Bd5 $18) 21. Qxe4 Rc8
(21... Kf7 22. Ng5+ Qxg5 23. Qxc4+ Kf8 24. Rxd6 $18) 22. Rd4 Ne5 (22... Nb6 23.
Nxg7+ Kf8 24. Ne6+ Kg8 25. Rhd1 $16) 23. Rhd1 $1 {[%mdl 128] White has full
forces in the fight, black lack's coordination.} Nf7 (23... Qxe6 24. Rxd6 Qe7
25. Qf5 (25. f4 O-O 26. fxe5 $18) 25... Rc6 26. Rd8+ Qxd8 27. Rxd8+ Kxd8 28.
Qxe5 $18) 24. Qf5 (24. Nxg7+ Kf8 25. Ne6+ Kg8 26. f4 Be5 $1 27. Nd8 Rxd8 28.
Rxd8+ Nxd8 29. Qxe5 Qxe5 30. fxe5 Kf7 31. Rd6 $11) 24... g6 25. Qd5 (25. Ng7+
$6 Kd8 26. Qa5+ Kd7 27. Rxb4 Nd8 $13 {xNg7}) 25... Be5 (25... Qa7 26. h3 Qa8
27. Qxa8 Rxa8 28. Rxd6 Nxd6 29. Rxd6 Ke7 30. Rb6 Rhb8 $11) 26. Re4 g5 (26... h5
27. Ng5 Qxg5 28. Qd7+ Kf8 29. Qxc8+ Kg7 30. Qxa6 $16) 27. Rxe5 (27. Nxg5 $5
Qxg5 28. Qd7+ Kf8 29. Qxc8+ Kg7 30. Qxa6 Bxh2 31. Rxb4 $18) 27... Nxe5 28. Qxe5
Rg8 (28... Kf7 29. Qg7+ Kxe6 30. Re1+ $18) 29. Qf5 Rb8 (29... Qf7 30. Ng7+ $18)
30. Re1 (30. Nc7+ Qxc7 31. Re1+ Qe7 (31... Kd8 32. Qd5+ Kc8 33. Qxg8+ $18) 32.
Rxe7+ Kxe7 33. Qxh7+ Kd6 34. Qa7 $18) 30... Rb7 31. Ng7+ $6 {Time trouble is a
terrible enemy, white was completely winning with Re4 or Re5.} (31. Re4 Rd7 (
31... Qd6 32. Nxg5+ Kd8 33. Rd4 $18) 32. Nd4 $18) (31. Re5 Rd7 32. Nd4 $18)
31... Rxg7 32. Qc8+ Kf7 33. Rxe7+ Rxe7 34. Qf5+ (34. Qc4+ Ke8 35. Qxb4 Rg6 36.
c4 $18) 34... Kg8 35. Qc8+ 1/2-1/2

[Event "NED-ch55"]
[Site "Rotterdam"]
[Date "2000.05.08"]
[Round "2"]
[White "Tiviakov, Sergei"]
[Black "Van Wely, Loek"]
[Result "0-1"]
[WhiteElo "2567"]
[BlackElo "2646"]
[Annotator "Ftacnik,L"]
[PlyCount "92"]
[EventDate "2000.05.07"]
[EventType "tourn"]
[EventRounds "11"]
[EventCountry "NED"]
[EventCategory "12"]
[SourceTitle "CBM 077"]
[Source "ChessBase"]
[SourceDate "2000.07.27"]
[SourceVersion "1"]
[SourceVersionDate "2000.07.27"]
[SourceQuality "1"]

1. e4 c5 2. Nf3 d6 3. d4 cxd4 4. Nxd4 Nf6 5. Nc3 a6 6. Be3 e6 7. Qd2 b5 8. f3
Nbd7 9. g4 h6 10. O-O-O Bb7 11. h4 b4 12. Na4 Qa5 13. b3 Nc5 14. a3 Rc8 $5 15.
Qxb4 Qc7 16. Nxc5 dxc5 17. Qa4+ Nd7 18. Ne2 c4 19. bxc4 (19. b4 Bc6 20. Qxa6
Ra8 21. Qxc4 Rxa3 22. Bf4 Qb7 23. c3 Bb5 24. Qd4 Ra2 25. Kb1 Qa8 {1/2-1/2
Anand,V-Gelfand,B/Monaco/2000/ (33)}) (19. Qxc4 $6 Bxa3+ 20. Kb1 Qxc4 21. bxc4
Rxc4 $17) 19... Bc6 20. Qb3 (20. Qxa6 $2 Ra8 $19) 20... Nc5 (20... Qa5 21. c5
$1 Nxc5 (21... Bxc5 22. Bxc5 Qxc5 23. Qc3 e5 24. Qxc5 Nxc5 25. Nc3 $16) 22. Qc3
$14) 21. Bxc5 (21. Qb2 Na4 22. Qa1 (22. Qb3 Rb8 23. Qa2 Nb2 $17) 22... Bb5 23.
Nc3 Bxc4 24. Nxa4 Bxf1 25. Rd2 Bb5 26. Nb6 Qc3 27. Qxc3 Rxc3 28. a4 Rxe3 29.
axb5 axb5 30. Rhd1 Be7 31. Na8 O-O $17) 21... Bxc5 {[%mdl 4] Black believes in
positional compensation for his two pawns, the white king will need protection
in his challenged house.} 22. Rd3 O-O 23. g5 (23. Bg2 Bd6 24. Rhd1 Be5 $36)
23... h5 24. Bh3 (24. g6 f5 $5 25. Bh3 Rce8 $15) 24... g6 25. Qc3 Bd6 $1 26.
Kd2 (26. Rhd1 Be5 27. Nd4 Rb8 $17) 26... Be5 27. Nd4 (27. Qb4 Rfd8 $40) 27...
Rfd8 28. Ke2 Ba4 29. c5 (29. f4 Bxf4 (29... Bxd4 30. Rxd4 Rxd4 31. Qxd4 Qxf4
$17) 30. Nxe6 fxe6 31. Bxe6+ Kh7 32. Bxc8 Rxc8 33. Rhd1 Be5 $17) 29... Qb8 (
29... Qxc5 30. Qxc5 Rxc5 31. Ke3 Bxd4+ 32. Rxd4 Rc3+ 33. Rd3 Rdxd3+ 34. cxd3
Rxa3 $15) 30. Ke3 {White king is not happy fullfiling tasks in the center,
black has excellent compensation.} Bb5 31. Rb1 (31. Rdd1 Bf4+ $1 32. Kf2 Bg3+
33. Kg1 Bxh4 $19) 31... Bxd4+ (31... Bf4+ 32. Kf2 Bg3+ 33. Kg1 Bxh4 34. Nxb5
axb5 $17) 32. Rxd4 Qh2 (32... Rxd4 33. Qxd4 Qh2 34. c4 e5 35. Qd3 Qf4+ (35...
Rxc5 36. Be6 $1) 36. Ke2 Qh2+ $11) 33. Qd2 $1 (33. Rxd8+ Rxd8 34. a4 Bxa4 35.
Qa5 Rd7 $17) 33... Qc7 (33... Qxd2+ $2 34. Rxd2 Rxd2 35. Kxd2 Rxc5 36. Bf1 $16)
34. Rd1 (34. c4 Qxc5 35. cxb5 e5 36. Bxc8 Rxd4 37. Rc1 Rc4+ $19) (34. Rxd8+
Rxd8 35. Qb4 Qh2 36. a4 Qxc2 (36... Qe2+ 37. Kf4 e5+ 38. Kg3 (38. Kxe5 Qh2+ 39.
f4 Qxh3 $19) 38... Rd2 39. Qxd2 Qxd2 40. axb5 Qxc2 41. c6 (41. Ra1 axb5) 41...
Qxb1 (41... axb5 42. Rxb5 Qxc6 43. Rd5 $17 (43. Rxe5 Qd6 44. f4 (44. Kf4 f6 45.
gxf6 Kf7 $19) 44... Qd3+ 45. Kh2 Qd2+ 46. Kg3 Qe3+ 47. Kg2 Kf8 $19)) 42. c7
Qg1+ 43. Bg2 Qe1+ 44. Kh2 $13) 37. Rb2 (37. axb5 $2 Rd3+ 38. Kf4 Qh2#) 37...
Qc1+ (37... Rd3+ 38. Kf4 Qc1+ 39. Kg3 (39. Ke5 a5 40. Qxb5 Qc3+ 41. Kf4 Rxf3#)
39... e5 40. Rf2 $13) 38. Kf2 Bxa4 $17) 34... Qxc5 35. Qb4 (35. Kf2 e5 36. Bxc8
Rxd4 37. Qe3 Qxc2+ $19) 35... Qa7 36. Kf4 (36. c3 Rc4 37. Qa5 Rd7 38. e5 Ra4
$19) (36. e5 Rc4 37. Qb2 Qc5 38. f4 Rc3+ $19) 36... e5+ $1 37. Kxe5 {The
exposed location of the white king calls for a proper punishment.} Rc5+ (37...
Qb8+ $1 38. Rd6 (38. Kf6 Qf4+ 39. Bf5 Rc6+ $19) 38... a5 39. Qd4 Rc6 $19) 38.
Kf4 Qc7+ 39. Ke3 Rxd4 40. Qxd4 Rc3+ 41. Rd3 Bxd3 42. cxd3 Rxa3 43. Qb4 Qc1+ 44.
Kd4 Qa1+ 45. Ke3 Qg1+ 46. Kf4 Rxd3 0-1

[Event "WchT 6th"]
[Site "Beersheba"]
[Date "2005.11.01"]
[Round "1.4"]
[White "Quesada Perez, Yuniesky"]
[Black "Morozevich, Alexander"]
[Result "0-1"]
[WhiteElo "2505"]
[BlackElo "2707"]
[Annotator "Ftacnik,L"]
[PlyCount "86"]
[EventDate "2005.11.01"]
[EventType "team-tourn"]
[EventRounds "9"]
[EventCountry "ISR"]
[SourceTitle "CBM 110"]
[Source "ChessBase"]
[SourceDate "2006.01.31"]
[SourceVersion "1"]
[SourceVersionDate "2006.01.31"]
[SourceQuality "1"]
[WhiteTeam "Cuba"]
[BlackTeam "Russia"]
[WhiteTeamCountry "CUB"]
[BlackTeamCountry "RUS"]

1. e4 c5 2. Nf3 e6 3. d4 cxd4 4. Nxd4 Nc6 5. Nc3 d6 6. Be3 Nf6 7. f3 Be7 8. Qd2
O-O 9. O-O-O a6 10. g4 Nd7 11. h4 Nde5 12. Qg2 Nxd4 13. Bxd4 Nc6 14. Be3 b5 15.
Kb1 Qa5 16. g5 b4 17. Ne2 d5 $5 $146 {[%mdl 8] Morozevich has a very special
attitude towards openings. As a young man he flatly refused any long forced
lines, in mature years he definitely wants to find original ideas and his own
way. This novelty in a well known position strives to speed up black's
kingside attack.} (17... Bb7 18. h5 Rac8 19. g6 Bf6 20. Nf4 b3 21. cxb3 Nb4 22.
a3 Nc2 23. Bc1 Nxa3+ 24. bxa3 Qe5 25. Qa2 Rxc1+ 26. Rxc1 Qxf4 {0-1 Seidel,
J-Palac,M (2475)/Hartberg 1991/ (29)}) (17... e5 18. f4 (18. Nc1 Be6 19. h5 Qc7
20. g6 Bf6 21. gxh7+ Kh8 22. Rg1 Qe7 23. Bd3 a5 24. Bb5 Na7 25. Ba4 Kxh7 26. f4
{1-0 Tiviakov,S (2635)-Johansen,D (2487)/Catalan Bay 2003/ (37)}) 18... Be6 (
18... f5 19. gxf6 Bxf6 20. f5 Qc7 21. Ng3 Nd4 22. Nh5 Bb7 23. Nxf6+ Rxf6 24.
Bxd4 exd4 25. Rxd4 Rxf5 26. Rxb4 {1-0 Morozevich,A (2723)-Short,N (2697)/
Sarajevo 1999/ (43)}) 19. b3 exf4 20. Nxf4 Na7 21. Nxe6 fxe6 22. Qg4 Nb5 23.
Qxe6+ Kh8 24. Bxb5 axb5 25. Bd4 Qxa2+ 26. Kc1 {1/2-1/2 Lastin,A (2535)
-Akhmadeev,V (2450)/Kstovo 1997/ (52)}) 18. exd5 b3 19. cxb3 (19. axb3 Nb4 20.
Nc3 exd5 21. Bd3 $13) 19... Nb4 20. Nc1 exd5 21. Bd3 {Quezada feels obliged to
make a serious concesion of giving up one of the bishops.} (21. a3 $5 Bf5+ 22.
Nd3 Nc6 23. Qd2 Qb5 24. Ka2 d4 25. Bf4 Be6 26. Nc1 $13) 21... Nxd3 22. Nxd3 Qb5
23. Ka1 a5 24. Bd4 (24. Nf4 Rd8 25. Qe2 Qb7 26. Bb6 $5 $14) 24... a4 25. b4 a3
$1 26. b3 (26. Rhe1 Bd6 27. b3 Bf5 $36) 26... Bf5 27. Qg3 Rfe8 (27... Bxd3 28.
Qe5 f6 29. Qxe7 Rf7 30. Qe3 $11) 28. Ne5 Bd6 (28... Bc2 $2 29. Qf4 f6 30. Ng4
$1 (30. gxf6 Bxf6 31. Rd2 Qxb4 32. Rxc2 Qxd4+ 33. Qxd4 Bxe5 34. Qxe5 Rxe5 $15)
30... Qb8 31. Qxb8 Raxb8 32. Rd2 Bf5 33. gxf6 Bxg4 34. fxe7 Bxf3 35. Re1 Be4
36. Bc5 $16) 29. Qf4 g6 30. h5 Qxb4 31. hxg6 fxg6 (31... hxg6 $2 32. Nc6 $18)
32. Nc6 $5 {White is trying hard to avoid losing a a brilliant game due to the
impending threat Qxd4+!! by black.} (32. Qh4 Qxd4+ $3 33. Rxd4 Bxe5 34. Qxh7+ (
34. Qf2 Rac8 35. f4 Bh8 36. Rhd1 Rc2 37. Qg1 Ree2 $19) 34... Kf8 35. Qh6+ Kf7
36. Qh7+ Bg7 37. Rhd1 Re3 $17) 32... Bxf4 33. Nxb4 Re5 $1 {Besides beeing very
independent in chess strategy Morozevich has extremely developed tactical
feeling. Black keeps the d5 pawn alive in order to regroup his forced and
prepare for the intrusion of his pieces to the second rank.} (33... Bxg5 34.
Nxd5 Re2 35. f4 Bd8 $15) 34. Nc6 (34. Rhg1 Rc8 $17) 34... Re6 35. Nb4 Bxg5 36.
Nxd5 Rd8 37. Bc3 Rc8 (37... Red6 38. f4 Bxf4 39. Ne7+ Kf8 40. Rxd6 Bxd6 41.
Nxf5 gxf5 42. Rf1 f4 43. Kb1 Ke7 44. Rh1 Ke6 45. Rxh7 f3 $17) 38. Bb4 (38. f4
Bd8 39. Bb4 Ra8 (39... Be4 40. Rhg1 Bxd5 41. Rxd5 Re2 42. Rd2 $15) 40. Bc3 Rc6
$17) 38... Rc2 {Black pieces are now operating to their maximum potential. Two
bishops represent exceptional strength in the open position.} 39. Rhe1 (39.
Bxa3 Ree2 $19) 39... Rxe1 40. Rxe1 (40. Bxe1 Kf7 41. Bb4 Bc1 $19) 40... Be6 $1
41. f4 (41. Ne7+ Kf7 42. Bxa3 Bxe7 $19) 41... Bh4 42. Ne3 Bf6+ 43. Kb1 Rb2+ (
43... Rb2+ 44. Kc1 Rxa2 45. Nc2 Bf5 46. Nxa3 Bb2+ $19) 0-1

[Event "FRA-ch"]
[Site "Aix les Bains"]
[Date "2003.08.25"]
[Round "8"]
[White "Apicella, Manuel"]
[Black "Sokolov, Andrei"]
[Result "1-0"]
[WhiteElo "2522"]
[BlackElo "2554"]
[Annotator "Ftacnik,L"]
[PlyCount "59"]
[EventDate "2003.08.18"]
[EventType "tourn"]
[EventRounds "11"]
[EventCountry "FRA"]
[EventCategory "13"]
[SourceTitle "CBM 097"]
[Source "ChessBase"]
[SourceDate "2003.11.11"]
[SourceVersion "1"]
[SourceVersionDate "2003.11.11"]
[SourceQuality "1"]

1. e4 c5 2. Nf3 e6 3. d4 cxd4 4. Nxd4 Nc6 5. Nc3 d6 6. Be3 Nf6 7. f3 Be7 8. Qd2
O-O 9. g4 Nxd4 10. Bxd4 a6 11. O-O-O b5 12. g5 Nd7 13. Rg1 {The line with 13.
Rg1 is less frequent than 13.h4, but transfer of the rook to h3 can be pretty
dangerous.} Bb7 14. Bd3 Ne5 15. Rg3 (15. Be2 b4 16. Na4 Qa5 $11) 15... Nxd3+
16. Qxd3 b4 (16... Bxg5+ $5 17. Kb1 f6 18. Be3 Bxe3 19. Qxe3 Qc7 $15) 17. Ne2
e5 (17... Bxg5+ 18. f4 Bf6 19. Bxf6 Qxf6 20. Rdg1 g6 21. Qxd6 Bxe4 22. Qxb4 $11
) 18. Be3 Qa5 19. Kb1 d5 (19... Rfd8 20. c4 Qc7 $11) 20. exd5 Rfd8 21. c4 bxc3
(21... Bc8 $2 22. f4 exf4 23. Bxf4 $16) 22. Nxc3 Bb4 (22... Bc8 23. f4 Bd6 $11)
23. Rh3 Bxc3 $4 {[%mdl 8192] Sokolov must have missed the simple move 25.d6!,
otherwise his courage to let the white queen intrude to h7 is inexplicable.} (
23... g6 $1 24. Ne4 Be7 25. d6 Bxe4 26. Qxe4 Rac8 27. Rc1 Rxc1+ 28. Bxc1 Rxd6
$11) 24. Qxh7+ Kf8 25. d6 $1 Rxd6 (25... Ke8 26. Qf5 Rxd6 27. Rxd6 $18) 26.
Rxd6 Qb5 (26... Bxb2 27. Rb6 $18) 27. Rb6 Qf1+ 28. Bc1 {The moment of
punishment is not far away...} Bc8 (28... Bd2 29. Qh8+ Ke7 30. Rxb7+ Kd6 31.
Rh6+ Kc5 32. Rc7+ Kb5 33. Qxa8 $18) 29. Qe4 Bd4 30. Rh8+ 1-0

[Event "Lausanne YM 4th"]
[Site "Lausanne"]
[Date "2003.09.17"]
[Round "1.1"]
[White "Bacrot, Etienne"]
[Black "Papa, Severin"]
[Result "1-0"]
[WhiteElo "2645"]
[BlackElo "2372"]
[Annotator "Ftacnik,L"]
[PlyCount "77"]
[EventDate "2003.09.17"]
[EventType "k.o."]
[EventRounds "3"]
[EventCountry "SUI"]
[SourceTitle "CBM 098"]
[Source "ChessBase"]
[SourceDate "2004.02.03"]
[SourceVersion "1"]
[SourceVersionDate "2004.02.03"]
[SourceQuality "1"]

1. e4 c5 2. Nf3 d6 3. d4 cxd4 4. Nxd4 Nf6 5. Nc3 a6 6. f3 e6 7. Be3 Be7 8. Qd2
Nc6 9. O-O-O O-O 10. g4 Nxd4 11. Bxd4 b5 12. Kb1 Nd7 13. h4 Qc7 14. g5 b4 15.
Na4 Bb7 16. b3 d5 17. g6 fxg6 18. Bh3 e5 19. Be3 (19. Bxd7 Qxd7 20. Bc5 d4 21.
Nb6 Qc7 22. Bxe7 Qxb6 23. Bxf8 Rxf8 24. Qg5 Qe6 25. Rhf1 {1-0 Bologan,
V-Volokitin,A/Istanbul 2003/ (57)}) 19... d4 20. h5 Qc6 $2 {[%mdl 4] Black has
truly faced and unpleasant challenge, as Bacrot has probably analysed this
very sharp position. Unfortunatelly the queen move is not a solution to any
problem as it loses a tempo.} (20... dxe3 21. Be6+ Kh8 22. hxg6 $1 h6 (22...
exd2 23. Rxh7#) 23. Qxe3 Bg5 24. Qxg5 Nf6 25. Rxh6+ gxh6 26. Qxh6+ Nh7 27. Rh1
$18) (20... Nf6 21. Be6+ Kh8 22. hxg6 dxe3 23. Rxh7+ Nxh7 24. Rh1 $18) (20...
gxh5 21. Qg2 $5 (21. Be6+ Kh8 22. Qh2 (22. Rxh5 Nf6 23. Rxh7+ Nxh7 24. Rh1 Rxf3
25. Rxh7+ Kxh7 26. Qh2+ Kg6 27. Qg2+ Kf6 28. Qxf3+ Kxe6 29. Qf5+ Kd6 $19) 22...
Nf6 (22... Rxf3 23. Rxd4 Nf6 24. Bg5 Nxe4 $19) 23. Bxd4 Bd6 24. Be3 $13) 21...
Rf6 (21... Nc5 22. Nxc5 Bxc5 23. Be6+ Rf7 24. Rxh5 Re8 25. Bxf7+ Qxf7 26. Rdh1
$16) 22. Rhg1 Bf8 23. Bg5 Rc6 24. Nb2 Nb6 $17) 21. hxg6 Rxf3 (21... hxg6 22.
Bg5 Bxg5 (22... Bd8 23. Bxd8 Raxd8 24. Qxb4 $16) 23. Qxg5 Rxf3 24. Bxd7 Qxd7
25. Nb6 Qd8 26. Qxg6 $18) 22. Bxd7 (22. Bg5 Bxg5 (22... Nf6 23. Qg2 Rxh3 24.
Qxh3 h6 25. Bxh6 Qc8 26. Qh4 Bxe4 27. Bxg7 Qxc2+ 28. Ka1 Qxd1+ 29. Rxd1 Kxg7
30. Qh3 $16) 23. gxh7+ Kh8 24. Qxg5 Rf2 $15) 22... Qxd7 (22... Qxg6 23. Bf5
Rxf5 (23... dxe3 24. Qd7 Bc6 25. Qxe7 $18) 24. exf5 Qf6 25. Bf2 Bxh1 26. Rxh1
Qxf5 27. Qe2 $14) 23. Rxh7 {The open h file is extremely dangerous for the
black king, g6 pawn needs to be eliminated.} (23. Nb6 Qg4 24. gxh7+ Kh8 25.
Nxa8 Rxe3 26. Nb6 Bxe4 $17) 23... Qe6 (23... Rxe3 $2 24. Qh2 $18) (23... Qg4
24. Bh6 $1 Bf6 (24... Bf8 25. Bg5 Bxe4 26. Rh4 Qf5 27. Qe2 Bd5 28. Nb6 $16) (
24... gxh6 25. Qxh6 Bf6 26. Rh1 $18) 25. Bxg7 $1 (25. Qxb4 Qxg6 26. Qxb7 Rd8
$15) 25... Bxg7 (25... Qxg6 26. Bxf6 Kxh7 27. Qxb4 $18) 26. Qxb4 Bc8 27. Qe7
Qxg6 28. Rxg7+ Qxg7 29. Qd8+ Rf8 (29... Kf7 30. Qd5+ Ke8 31. Qxa8 Qb7 32. Qxb7
Bxb7 33. Nc5 $16) 30. Qd5+ Be6 31. Qxe6+ Rf7 32. Nb6 $14) 24. Rg1 Bxe4 (24...
Rxe3 25. Qh2 Re1+ 26. Kb2 $18) (24... Rh3 25. Qg2 $1 Rh4 26. Nc5 $1 Qh3 27.
Qxh3 Rxh3 28. Nxb7 $18) 25. Qh2 Bxg6 $8 26. Rh8+ Kf7 27. Rxa8 dxe3 (27... Rxe3
28. Qh8 Qc6 29. Rc8 Qb5 30. Rg8 Bf6 31. Rb8 $18) 28. Qh8 Qc6 (28... Kf6 29. Rg8
Qf7 30. Qh4+ Ke6 31. Qc4+ Kf6 32. Qc6+ $18) 29. Qg8+ (29. Rc8 Qb5 30. Nb6 $1 e2
31. Nd5 Rf1+ 32. Kb2 Qxd5 33. Qg8+ Kf6 34. Qxd5 e1=Q 35. Qc6+ $18) 29... Kf6
30. Rf8+ $2 {Bacrot is right in his ambition to push hard for the tactical
solution, but the realization is far from perfect.} (30. Rc8 Qd6 31. Nb6 $1
Qxb6 32. Qc4 $16) 30... Bxf8 31. Qxf8+ Bf7 (31... Ke6 32. Nc5+ Kd5 33. Rd1+ $18
) 32. Qxg7+ Ke6 $2 (32... Ke7 $1 33. Qxe5+ Qe6 34. Qc5+ (34. Qb8 e2 35. Qxb4+
Kd8 36. Qe1 Qe3 $11) 34... Qd6 35. Qa7+ Qd7 36. Qxa6 $14) 33. Qh6+ Rf6 (33...
Kd7 $1 34. Rd1+ Kc7 35. Qh4 Qf6 36. Qxb4 e2 $11) 34. Qxe3 Bg6 (34... Kd7 35.
Qxe5 Kc8 36. Nc5 $16) 35. Nc5+ Kf7 36. Qxe5 Rf5 (36... Qd6 37. Qe3 Qf4 38. Qxf4
Rxf4 39. Nxa6 $18) 37. Nd3 $1 {A very neat move that spells Papa's end, black
is lost.} Qb6 (37... Qxc2+ 38. Kxc2 Rxe5 39. Rxg6 Re2+ 40. Kb1 Kxg6 41. Nf4+
$18) 38. Qg3 a5 39. Nf4 (39. Nf4 Rf6 40. Nd5 $18) 1-0